Detalles MARC
| 000 -CABECERA |
| Longitud fija campo de control |
01676nam a2200409 c 4500 |
| 001 - NÚMERO DE CONTROL |
| Número de control |
11196 |
| 003 - IDENTIFICADOR DE NÚMERO DE CONTROL |
| Identificador del número de control |
ES-MaCES |
| 005 - FECHA Y HORA DE LA ÚLTIMA TRANSACCIÓN |
| Fecha y hora de la última transacción |
20160525113852.0 |
| 008 - CAMPO FIJO DE DESCRIPCIÓN FIJA--INFORMACIÓN GENERAL |
| Códigos de información de longitud fija |
001010s2000 sp bo t o000 | spa d |
| 040 ## - FUENTE DE CATALOGACIÓN |
| Centro catalogador de origen |
ES-MaCES |
| Lengua de catalogación |
spa |
| Centro transcriptor |
ES-MaCES |
| 110 1# - ENCABEZAMIENTO PRINCIPAL--NOMBRE CORPORATIVO |
| Nombre de entidad corporativa o nombre de jurisdicción como elemento inicial |
España |
| Título de la obra |
Plan Hidrológico Nacional |
| Fecha del congreso o de la firma de un tratado |
2000 |
| 9 (RLIN) |
3305 |
| 245 10 - MENCIÓN DE TÍTULO |
| Título |
Plan Hidrológico Nacional |
| 246 3# - FORMA VARIANTE DEL TÍTULO |
| Título propio ; Título en breve |
Análisis de los sistemas hidráulicos |
| 246 3# - FORMA VARIANTE DEL TÍTULO |
| Título propio ; Título en breve |
Análisis de antecedentes y transferencias planteadas Análisis económicos |
| 246 3# - FORMA VARIANTE DEL TÍTULO |
| Título propio ; Título en breve |
Análisis ambientales |
| 246 3# - FORMA VARIANTE DEL TÍTULO |
| Título propio ; Título en breve |
Delimitación y asignación de recursos en acuíferos compartidos |
| 260 ## - PUBLICACIÓN, DISTRIBUCIÓN, ETC (PIE DE IMPRENTA) |
| Lugar de publicación, distribución, etc. |
Madrid |
| Nombre del editor, distribuidor, etc. |
[Ministerio de Medio Ambiente] |
| Fecha de publicación, distribución, etc. |
2000 |
| 300 ## - DESCRIPCIÓN FÍSICA |
| Extensión |
5 v. |
| Otras características físicas |
mapas, fot. col. |
| Dimensiones |
20 cm |
| 504 ## - NOTA DE BIBLIOGRAFÍA, ETC. |
| Nota de bibliografía, etc. |
Bibliografía |
| 505 0# - NOTA DE CONTENIDO FORMATEADA |
| Nota de contenido con formato |
[t. 1]: Análisis de los sistemas hidráulicos -- [t. 2]: Análisis de antecedentes y transferencias planteadas -- [t. 3]: Análisis económicos -- [t. 4]: Análisis ambientales -- [t. 5]: Delimitación y asignación de recursos en acuíferos compartidos |
| 541 ## - NOTA DE LA FUENTE INMEDIANTE DE ADQUISICIÓN |
| Forma de adquisición |
Gratuito |
| 610 14 - ASIENTO SECUNDARIO DE MATERIA--NOMBRE CORPORATIVO |
| Nombre de entidad corporativa o nombre de jurisdicción como elemento inicial |
España |
| Título de la obra |
Plan Hidrológico Nacional |
| Fecha del congreso o de la firma de un tratado |
2000 |
| 9 (RLIN) |
3305 |
| 650 #4 - ASIENTO SECUNDARIO DE MATERIA--TÉRMINO DE MATERIA |
| Término de materia o nombre geográfico como elemento inicial |
recursos hídricos |
| 9 (RLIN) |
28722 |
| 650 #4 - ASIENTO SECUNDARIO DE MATERIA--TÉRMINO DE MATERIA |
| Término de materia o nombre geográfico como elemento inicial |
planificación |
| 9 (RLIN) |
27021 |
| 650 #4 - ASIENTO SECUNDARIO DE MATERIA--TÉRMINO DE MATERIA |
| Término de materia o nombre geográfico como elemento inicial |
asignación de recursos |
| 9 (RLIN) |
27024 |
| 650 #4 - ASIENTO SECUNDARIO DE MATERIA--TÉRMINO DE MATERIA |
| Término de materia o nombre geográfico como elemento inicial |
transferencia de competencias |
| 9 (RLIN) |
30889 |
| 650 #4 - ASIENTO SECUNDARIO DE MATERIA--TÉRMINO DE MATERIA |
| Término de materia o nombre geográfico como elemento inicial |
protección ambiental |
| 9 (RLIN) |
29423 |
| 650 #4 - ASIENTO SECUNDARIO DE MATERIA--TÉRMINO DE MATERIA |
| Término de materia o nombre geográfico como elemento inicial |
análisis económico |
| 9 (RLIN) |
27070 |
| 650 #4 - ASIENTO SECUNDARIO DE MATERIA--TÉRMINO DE MATERIA |
| Término de materia o nombre geográfico como elemento inicial |
España |
| 9 (RLIN) |
26964 |
| 650 #4 - ASIENTO SECUNDARIO DE MATERIA--TÉRMINO DE MATERIA |
| Término de materia o nombre geográfico como elemento inicial |
2000 |
| 9 (RLIN) |
30991 |
| 650 #4 - ASIENTO SECUNDARIO DE MATERIA--TÉRMINO DE MATERIA |
| Término de materia o nombre geográfico como elemento inicial |
plan nacional |
| 9 (RLIN) |
27018 |
| 650 #4 - ASIENTO SECUNDARIO DE MATERIA--TÉRMINO DE MATERIA |
| 9 (RLIN) |
30344 |
| Término de materia o nombre geográfico como elemento inicial |
evaluación del impacto ambiental |
| 653 10 - TÉRMINO DE INDEXACIÓN--NO CONTROLADO |
| Término no controlado |
Políticas sectoriales |
| 710 2# - ENCABEZAMIENTO SECUNDARIO--NOMBRE CORPORATIVO |
| Nombre de entidad o nombre de jurisdicción como elemento inicial |
España |
| Unidad subordinada |
Ministerio de Medio Ambiente |
| Término indicativo de función |
ed. |
| 9 (RLIN) |
3259 |
| 902 ## - CES. TIPO DE DOCUMENTO |
| Tipodoc (006$c Sirtex) |
LIB Libro |
| 942 ## - ELEMENTOS KOHA |
| Fuente de clasificaión o esquema |
Clasificación propia del CES |
| Koha [por defecto] tipo de item |
Monografías |
| Parte de clasificación |
Políticas Sectoriales |